<?xml version="1.0" encoding="UTF-8"?>
<record
    xmlns:xsi="http://www.w3.org/2001/XMLSchema-instance"
    xsi:schemaLocation="http://www.loc.gov/MARC21/slim http://www.loc.gov/standards/marcxml/schema/MARC21slim.xsd"
    xmlns="http://www.loc.gov/MARC21/slim">

  <leader>04687nam a22001817a 4500</leader>
  <controlfield tag="008">150716b        xxu||||| |||| 00| 0 eng d</controlfield>
  <datafield tag="020" ind1=" " ind2=" ">
    <subfield code="a">0618133941</subfield>
  </datafield>
  <datafield tag="050" ind1=" " ind2=" ">
    <subfield code="a">HB75.L324</subfield>
  </datafield>
  <datafield tag="100" ind1=" " ind2=" ">
    <subfield code="a">LANDRETH, Harry.</subfield>
  </datafield>
  <datafield tag="245" ind1=" " ind2=" ">
    <subfield code="a">History of economic thought. /</subfield>
    <subfield code="c">Harry Landreth and David C. Colander.</subfield>
  </datafield>
  <datafield tag="250" ind1=" " ind2=" ">
    <subfield code="a">4th ed.</subfield>
  </datafield>
  <datafield tag="260" ind1=" " ind2=" ">
    <subfield code="a">Boston:</subfield>
    <subfield code="b">Houghton Mifflin Company,</subfield>
    <subfield code="c">2002</subfield>
  </datafield>
  <datafield tag="300" ind1=" " ind2=" ">
    <subfield code="a">xxiii, 511p.:</subfield>
    <subfield code="c">24cm</subfield>
  </datafield>
  <datafield tag="500" ind1=" " ind2=" ">
    <subfield code="a">Includes index.</subfield>
  </datafield>
  <datafield tag="505" ind1=" " ind2=" ">
    <subfield code="a">Contents: Introduction: The central focus of modern economic thought -- Our approach to the history of economic thought -- The role of heterodox economics -- The problems of presenting diversity -- Methodological issues -- Benefits to be gained from the study of the history of economic thought -- The profession of economics and its methodology -- The spread of economic ideas -- The evolution of methodological thought -- Preclassical economics: Early preclassical economic thought: Important writers -- Some broad generalizations -- Non-western economic thought -- Greek thought -- Arab-islamic thought -- Scholasticism -- Mercantilism, physiocracy, and other precursors of classical economic thought: Important writers -- Mercantilism -- Influential precursors of classical thought -- Physiocracy -- Spanish economic thought -- Classical economic thought, and its critics: Important writers -- Classical political economy -- Marx's political economy -- Adam Smith: The breadth of Adam Smith -- Smith's analysis of markets and policy conclusions  -- The nature and causes of the wealth of nations -- International trade -- Value theory -- Distribution theory -- Welfare and the general level of prices -- Ricardo and Malthus: David Ricardo-A theorist's theorist -- The malthusian population doctrine -- Ricardo: Method, policy, scope -- Ricardo's model -- Ricardo's theory of land rent -- Ricardo's value theory -- Ricardian distribution theory -- Comparative advantage -- Stability and growth in a capitalistic economy -- J. S. Mill and the decline of classical economics: Post-ricardian developments -- J.S. Mill: The background of his thought -- Millian economics -- Karl Marx and his critique of classical economics: An overview of Marx -- Marx's economic theories -- Marx's analysis of capitalism -- Neoclassical economic thought and its critics: Jevons, Menger, and the foundations of marginal analysis: Important writers -- Historical links -- Jevons, Menger, and Walras -- Second-generation Austrians -- The transition to neoclassical  economics: Marginal analysis extended: Important writers -- Marginal analysis extended : The second generation -- Marginal productivity theory -- Profits and interest -- Alfred Marshall and neoclassical economics: Marshall's claim to being the father of neoclassicism -- Walra's and general equilibrium theory: Walra's general equilibrium system -- Vilfredo Pareto -- Institutional and historical critics of neoclassical economics: important writers -- Methodological controversy -- Thorstein Veblen -- Wesley Clair Mitchell -- John R. Commons -- John A. Hobson -- Austrian critique of neoclassical economics and the debate about socialism and capitalism: Important writers -- Defining capitalism and socialism -- The emergence of capitalistic thought -- The evolution of austrian thought -- The development of socialist economic thought -- The debate concerning economic systems -- Modern economics and its critics: The state of modern economics -- The structure of part four -- The development of modern microeconomic theory: Important writers -- The movement away from marshalllian economics -- The formalist revolution in microeconomics  -- Milton friedman and the chicago approach to economics -- Problems with modern applied econonics -- A comparison of neoclassical and modern microeconomics -- The development of modern macroeconomic thought: Important writers -- Historical forerunners of modern macroeconomics -- Keynesian macroeconomics -- Modern macroeconomics -- The development of econometrics and empirical methods in economics: Important writers -- Empirical economics -- Neoclassical economics and empirical analysis -- Macroeconomics and empirical analysis -- The rise of econometrics -- The fall from scientific grace of macroeconomics -- Bayesian economics -- Experimental economists -- The development of modern heterodox economic thought: Important writers -- Radicals -- Modern institutionalists, quasi-institutionalists, and neoinstitutionalists --  Quasi-institutionalists -- Noeonstitutionalists -- Post-keynesians -- Public choice advocates -- Austrian economics -- Other heterodox economic groups -- Summary.</subfield>
  </datafield>
  <datafield tag="700" ind1=" " ind2=" ">
    <subfield code="a">COLANDER, David C.</subfield>
  </datafield>
  <datafield tag="942" ind1=" " ind2=" ">
    <subfield code="2">lcc</subfield>
    <subfield code="c">BK</subfield>
  </datafield>
  <datafield tag="999" ind1=" " ind2=" ">
    <subfield code="c">5639</subfield>
    <subfield code="d">13139</subfield>
  </datafield>
  <datafield tag="952" ind1=" " ind2=" ">
    <subfield code="0">0</subfield>
    <subfield code="1">0</subfield>
    <subfield code="2">lcc</subfield>
    <subfield code="4">0</subfield>
    <subfield code="7">0</subfield>
    <subfield code="a">WIUC-1</subfield>
    <subfield code="b">WIUC-1</subfield>
    <subfield code="c">REF</subfield>
    <subfield code="d">2015-07-16</subfield>
    <subfield code="l">0</subfield>
    <subfield code="o">HB75.L324</subfield>
    <subfield code="p">8031/458/15</subfield>
    <subfield code="r">2015-07-16 00:00:00</subfield>
    <subfield code="w">2015-07-16</subfield>
    <subfield code="y">BK</subfield>
  </datafield>
</record>
